000 00748nam a2200193 i 4500
001 99381
003 ES-MaACL
005 20230906182505.0
007 t|
008 050907s1947 sp ||||1| spa d
100 1 _aMartín-Granizo, León.
_977517
245 1 4 _aLos orígenes de la Marina española :
_bconferencia /
_cpronunciada por Don León Martín-Granizo en la Escuela Social de Santiago, el día 10 de mayo de 1947.
260 _aMadrid :
_bEscuela Social de Madrid,
_c1947 (
_fImp. Federico Domenech)
300 _a113 p. ;
_c24 cm.
650 4 _aMarina de guerra-
_zEspaña-
_vHistoria.
_914782
710 2 _aEscuela Social de Santiago de Compostela.
_9173581
710 2 _aEscuela Social de Madrid.
_93593
852 _aES-MaACL
_j1877-F-23
999 _c99381
_d99381